| Tag |
First Indicator |
Second Indicator |
Subfields |
| LEADER |
00000cam a2200000 4500 |
| 001 |
in00000035415 |
| 005 |
20151007060805.0 |
| 008 |
720404s1900 nyu b 00010 eng u |
| 010 |
|
|
|a 01029129
|
| 035 |
|
|
|a (OCoLC)00275734
|
| 035 |
|
|
|9 AAD0179AM
|
| 040 |
|
|
|c WSU
|d TXA
|d UtOrBLW
|
| 049 |
|
|
|a TXAM
|c 1 [2756]
|c 2 [151682]
|
| 090 |
|
|
|a PS88
|b .W4 1900
|
| 092 |
|
|
|a 810.9
|b .W469
|
| 100 |
1 |
|
|a Wendell, Barrett,
|d 1855-1921.
|
| 245 |
1 |
2 |
|a A literary history of America /
|c by Barrett Wendell...
|
| 264 |
|
1 |
|a New York :
|b C. Scribner's sons,
|c 1900.
|
| 300 |
|
|
|a xi pages, 1 ., 574 pages ;
|c 23 cm.
|
| 336 |
|
|
|a text
|b txt
|2 rdacontent
|
| 337 |
|
|
|a unmediated
|b n
|2 rdamedia
|
| 338 |
|
|
|a volume
|b nc
|2 rdacarrier
|
| 490 |
1 |
|
|a The Library of literary history
|
| 500 |
|
|
|a Scholl edition by Wendell and C. N. Greenough appeared in 1904 under title: A history of literature in America
|
| 505 |
0 |
|
|a "Authorities and references": p. [531]-554
|
| 650 |
|
0 |
|a American literature
|x History and criticism.
|
| 830 |
|
0 |
|a Library of literary history.
|
| 944 |
|
|
|a stk
|h REPL<28122>REP-LATEST<>REF<cbenefie>
|m Replacement on order
|
| 999 |
|
|
|a MARS
|
| 999 |
f |
f |
|s 69b7a024-43d3-3370-a815-4b53f2f2f492
|i 2f7f2ef7-becf-3816-91ef-106b33111355
|t 0
|
| 952 |
f |
f |
|p ric
|a Texas A&M University
|b Rellis Campus
|c Joint Library Facility
|d Remote Storage
|t 0
|e PS88 .W4 1900
|h Library of Congress classification
|i unmediated -- volume
|m A14801211172
|
| 998 |
f |
f |
|a PS88 .W4 1900
|t 0
|l Remote Storage
|